Coordination and Information Historical Perspectives on the Organization of Enterprise
Guardado en:
| Otros Autores: | , |
|---|---|
| Formato: | Libro |
| Lenguaje: | inglés |
| Publicado: |
Chicago
The University of Chicago Press
1995
|
| Edición: | 1. ed. |
| Colección: | <A> National Bureau of Economic Research Conference Report
|
| Materias: | |
| Etiquetas: |
Sin Etiquetas, Sea el primero en etiquetar este registro!
|
MARC
| LEADER | 00000nam a2200000 4500 | ||
|---|---|---|---|
| 001 | c019667 | ||
| 005 | 20221205132828.7 | ||
| 020 | |a 0-226-46821-6 | ||
| 041 | 0 | |a eng | |
| 044 | |a US | ||
| 245 | 1 | 0 | |a Coordination and Information |b Historical Perspectives on the Organization of Enterprise |c Edit. Naomi R. Lamoreaux, Daniel M.G. Raff |
| 250 | |a 1. ed. | ||
| 264 | 1 | |a Chicago |b The University of Chicago Press |c 1995 | |
| 300 | |a 337 s. | ||
| 490 | 1 | |a <A> National Bureau of Economic Research Conference Report | |
| 830 | 0 | |a <A> National Bureau of Economic Research Conference Report | |
| 610 | 2 | 0 | |a riadenie podnikové |
| 610 | 2 | 0 | |a organizácia podniku |
| 610 | 2 | 0 | |a inžinierstvo priemyselné |
| 610 | 2 | 0 | |a organizácia priemyslu |
| 610 | 2 | 0 | |a výskum ekonomický |
| 610 | 2 | 0 | |a priemysel |
| 610 | 2 | 0 | |a priemysel automobilový |
| 610 | 2 | 0 | |a inovácia |
| 610 | 2 | 0 | |a koordinácia |
| 610 | 2 | 0 | |a technológie nové |
| 610 | 2 | 0 | |a svet |
| 610 | 2 | 0 | |a USA |
| 610 | 2 | 0 | |a Veľká Británia |
| 610 | 2 | 0 | |a Nemecko |
| 610 | 2 | 0 | |a banky univerzálne |
| 610 | 2 | 0 | |a dejiny teórií ekonomických |
| 700 | 1 | |a Lamoreaux, Naomi R. | |
| 700 | 1 | |a Raff, Daniel M.G. | |